000 01295cam a22002174a 4500
005 20250605164110.0
008 250528s ||||||||||||||||||||||||d
035 _a17866
020 _a9789605950118
040 _aGR-AtMCL
_bgre
_dGR-AtMCL
_eAACR2
245 1 _aΜαθηματικά Διοικητικών και Οικονομικών Επιστημών
260 _bΣύγχρονη Εκδοτική,
_c2016
300 _a736
520 _aΠρόλογος, Βασικές Έννοιες, Αναλογιστικά Μαθηματικά, Όριο και Συνέχεια, Παράγωγοι και Εφαρμογές, Οικονομικές Συναρτήσεις και Βελτιστοποίηση Οικονομικών Συναρτήσεων μιας Μεταβλητής, Ολοκληρώματα, Διαφορικές Εξισώσεις, Συναρτήσεις Πολλών Μεταβλητών, Στοιχεία Γραμμικής Άλγεβρας, Στοιχεία Πιθανοθεωρίας, Θεωρία Αποφάσεων, Στοχαστικές Διαδικασίες, Βιβλιογραφία.
700 1 _aΒρυζίδης Λ
_94155
700 1 _aΚοσσιέρη Ε
_94156
700 1 _aΧαλικιάς Μ
_94157
942 _cBK
999 _c3266
_d3266